Els Sistemes electorals municipals a la Unió Europea / Jaume Magre Ferran
Descripción Física:
26 p. ; 30 cm
Colección:
Síntesi (Centre per a la Innovació Local)
; 4
MARC
| LEADER | 00000nam a2200000Ia 4500 | ||
|---|---|---|---|
| 001 | 15052 | ||
| 008 | 160829s9999 xx 000 0 cat d | ||
| 080 | |a FU-34-45 | ||
| 100 | |a Magre Ferran, Jaume |9 1215 | ||
| 245 | |a Els Sistemes electorals municipals a la Unió Europea / Jaume Magre Ferran | ||
| 250 | |a Ed. no venal | ||
| 260 | |a Barcelona : |b Diputació de Barcelona, cop. 2002 | ||
| 300 | |a 26 p. ; |c 30 cm | ||
| 490 | 1 | |a Síntesi (Centre per a la Innovació Local) ; |v 4 | |
| 590 | |a Notes, referències bibliogràfiques, bibliografia. | ||
| 590 | |a A la coberta: Flor de Maig, Centre per a la Innovació Local | ||
| 650 | |a Eleccions locals |x Unió Europea, Països de la |9 39263 | ||
| 710 | 1 | |a Barcelona (Catalunya : Província). |b Diputació |9 52408 | |
| 710 | 2 | |a Centre per a la Innovació Local |9 54171 | |
| 830 | 0 | |9 56164 |a Síntesi (Centre per a la Innovació Local) |v 4 | |
| 901 | |a Arxiu | ||
| 942 | |n 1 |2 udc | ||
| 952 | |0 0 |1 0 |4 0 |6 FU3445 |7 1 |9 48899 |a Arxiu |b Arxiu |d 2016-12-01 |l 0 |o FU-34-45 |p 15052 |r 2016-12-01 00:00:00 |w 2016-12-01 |y ARXIU | ||
| 999 | |c 52734 |d 52734 | ||